| 000 | 00483nam a2200145Ia 4500 | ||
|---|---|---|---|
| 008 | 170221s9999 xx 000 0 und d | ||
| 100 | _aYing Li | ||
| 245 | _aExploring the Extrinsic and Intrinsic Motivations in Blogging: A Survey on Hong Kong University Students | ||
| 245 | _cYing Li, Gongcheng Lin | ||
| 260 | _bOnline Journal of Communication and Media Technologies | ||
| 260 | _c2015 | ||
| 650 | _xCommunication | ||
| 650 | _xMedia Arts | ||
| 856 | _uhttp://www.ojcmt.net/ | ||
| 999 |
_c309209 _d309209 |
||